[Event "ISR-chT"]
[Site "Israel"]
[Date "1996.??.??"]
[Round "8"]
[White "Huzman, Alexander"]
[Black "Porper, Edward"]
[Result "1/2-1/2"]
[WhiteElo "2570"]
[BlackElo "2425"]
[Annotator "Kantsler,B"]
[PlyCount "47"]
[EventDate "1996.??.??"]
[EventType "team"]
[EventRounds "11"]
[EventCountry "ISR"]
[SourceTitle "CBM 052 Extra"]
[Source "ChessBase"]
[SourceDate "1996.07.01"]
[SourceVersion "1"]
[SourceVersionDate "1996.07.01"]
[SourceQuality "1"]

1. d4 d5 2. c4 c6 3. Nf3 e6 4. Bg5 f6 $5 (4... Bb4+ $6 5. Nbd2 f6 6. a3 $1 Bd6
7. Bh4 Ne7 8. e4 $16 {Har Zvi,R-Shabtai,/Tel Aviv/1996/1:0/31/}) 5. Bf4 dxc4 6.
Nc3 Bd6 $6 (6... Bb4 $5 $13) 7. e3 Bxf4 8. exf4 b5 9. a4 Qd6 10. axb5 $6 (10.
Qd2 $5 Qb4 (10... b4 $6 11. Ne4 Qd5 12. Qe3 $16) 11. g3 Ne7 12. Bh3 $14) 10...
cxb5 11. Nxb5 Qb4+ 12. Nc3 Qxb2 13. Ne4 Qb4+ $1 14. Qd2 Nc6 15. Bxc4 Nge7 16.
Qxb4 (16. O-O Qxd2 17. Nexd2 Kf7 $13) 16... Nxb4 17. Kd2 Ned5 18. Rhb1 Ke7 19.
Ra3 Rd8 20. Rba1 a6 21. Rb1 Nc6 22. g3 Ndb4 23. Kc3 Rb8 24. Rba1 1/2-1/2

[Event "Hoogovens"]
[Site "Wijk aan Zee"]
[Date "1995.01.??"]
[Round "1"]
[White "Khalifman, Alexander"]
[Black "Van der Werf, Mark"]
[Result "1-0"]
[WhiteElo "2635"]
[BlackElo "2415"]
[Annotator "Khalifman,A"]
[PlyCount "135"]
[EventDate "1995.01.??"]
[EventType "k.o."]
[EventRounds "5"]
[EventCountry "NED"]
[SourceTitle "CBM 045"]
[Source "ChessBase"]
[SourceDate "1995.04.01"]
[SourceVersion "1"]
[SourceVersionDate "1995.04.01"]
[SourceQuality "1"]

1. Nf3 d5 2. d4 c6 3. c4 e6 4. Qc2 Nf6 5. Bg5 Nbd7 6. e3 Qa5+ 7. Nbd2 Ne4 8.
Bf4 Bb4 9. a3 g5 10. Bg3 h5 (10... g4 11. Rd1 Be7 (11... Bxa3 12. bxa3 gxf3 13.
gxf3 Nxd2 14. Qxd2 Qxa3 15. c5 $44) 12. Ne5 Nxg3 13. hxg3 Nxe5 14. dxe5 h5 15.
Be2 $16 {Davies,N-Manor,I/Tel Aviv/1991/}) 11. O-O-O Bxa3 $5 {N} (11... Be7 $2
12. Nxe4 dxe4 13. Qxe4 h4 14. Be5 f6 15. Qg6+ Kf8 16. d5 $1 $18 {Horvath,
C-Kuijf,R/Mitropa Cup/1993/}) 12. bxa3 (12. Nb3 Qb4 13. bxa3 Qxa3+ 14. Kb1 h4
15. Bc7 Nxf2 $13) (12. Nxe4 dxe4 13. Nd2 h4 $1) 12... Qxa3+ 13. Qb2 Qxb2+ 14.
Kxb2 h4 15. Nxe4 dxe4 16. Bd6 $5 (16. Nxg5 hxg3 17. fxg3 Nf6 18. Be2 Ke7 19.
Rdf1 Bd7 20. g4 Rag8 21. h4 $14) (16. Be5 f6 17. Nxg5 Nxe5 18. Nxe4 Nd7 19. Be2
Ke7 $13) 16... exf3 17. gxf3 f6 18. Rg1 Kf7 19. Be2 $6 (19. f4 gxf4 (19... Rg8
20. Be2 $16) 20. exf4 f5 (20... b6 21. Bd3 $16) (20... Nb6 21. Bd3 Bd7 $2 22.
c5 $18) 21. Rg5 Nf6 22. Be5 Bd7 23. Be2 Rhg8 24. Rdg1 Ng4 $1 $13) (19. Bd3 $5
Rg8 20. f4 g4 21. h3 $5 $36) 19... b6 20. c5 a5 21. f4 bxc5 22. dxc5 (22. fxg5
cxd4 23. Rxd4 c5 $13) 22... gxf4 23. exf4 Ba6 24. Bf3 Bb5 25. Ka3 Rag8 26. Rxg8
Rxg8 27. Bh5+ Kg7 28. Be7 Nf8 (28... Rh8 29. Rg1+ Kh6 30. Bf7 $44) 29. Rg1+ Kh7
30. Rxg8 Kxg8 31. Bxf6 Nd7 32. Bd4 $14 Kf8 33. Kb3 Ke7 34. Bf3 Nf6 35. Bc3 a4+
(35... Nd7 $1 36. Bd4 Nf6) 36. Ka3 Nd5 37. Be5 Kf7 38. Bd1 Ke7 39. Bc2 Kd7 40.
f5 exf5 41. Bxf5+ Ke7 42. Bd4 Nf4 43. Bg4 Be2 44. Bc8 Ne6 45. Be3 Bb5 46. Kb4
Kf7 47. Ka3 Kf6 48. f4 Kf5 49. Bf2 h3 50. Kb4 Kf6 51. Be3 Kf5 52. Bc1 Kf6 53.
Bb2+ Kf7 54. Be5 Ke7 55. f5 Ng5 56. f6+ Kf7 57. Bg4 Kg6 (57... Nh7 $1 58. Bxh3
Nxf6 59. Bxf6 (59. Bg2 Ng4 $10) 59... Kxf6 60. Bg4 Ke5 61. h4 Kd4 $10) 58. Bd4
Bf1 $2 (58... Nh7 59. Bxh3 Nxf6 60. Be6 $14) 59. Kxa4 Bg2 60. Ka5 Bf3 61. Bd7
Bd5 62. Kb6 $18 Nf3 63. Bc3 Nxh2 64. Bxh3 Nf3 65. Bd7 Ng5 66. Bxc6 Be6 67. Be8+
Kf5 68. c6 1-0

[Event "RUS-ch"]
[Site "Elista"]
[Date "1996.??.??"]
[Round "7"]
[White "Fominyh, Alexander"]
[Black "Filippov, Valerij"]
[Result "1-0"]
[WhiteElo "2535"]
[BlackElo "2565"]
[Annotator "Khalifman,A"]
[PlyCount "41"]
[EventDate "1996.10.15"]
[EventType "swiss"]
[EventRounds "11"]
[EventCountry "RUS"]
[SourceTitle "CBM 056"]
[Source "ChessBase"]
[SourceDate "1997.02.01"]
[SourceVersion "1"]
[SourceVersionDate "1997.02.01"]
[SourceQuality "1"]

1. d4 {Belov Tsesarsky} d5 2. c4 c6 3. Nf3 e6 4. g3 dxc4 5. Bg2 b5 6. O-O (6.
Ne5 {Belov} Bb7 7. Nc3 a6 8. a4 Qb6 9. e4 Nf6 10. Be3 Qc7 11. Bf4 Qb6 12. O-O
Bb4 13. g4 h6 14. h4 $44 {Budnikov,A-Matlak,M/Miedzybrodzie/1991/1:0/47/}) 6...
Nd7 (6... Nf6 $142 {Belov} 7. a4 Bb7 8. Ne5 Qb6 (8... Nd5 9. b3 cxb3 10. axb5
cxb5 11. Qxb3 a6 12. e4 Nf6 13. d5 $36 {Nesis-Zelinsky/cor/1976/}) (8... a6 9.
b3 cxb3 10. Bb2 Qb6 (10... Be7 11. Qxb3 O-O 12. Nd2 Ra7 13. Rfd1 Qe8 14. Rac1
$44 {Orlov,G-Akopian,V/Minsk/1990/}) 11. Qxb3 Nbd7 12. Nxd7 Nxd7 13. Nd2 $13 {
Tukmakov,V-Korchnoi,V/Leningrad/1973/0:1/41/}) 9. e4 (9. b3 cxb3 10. Qxb3 Nbd7
(10... a6 $5) 11. Be3 c5 12. Nxd7 Nxd7 13. d5 $5 (13. Bxb7 Qxb7 14. Qxb5 $14)
13... bxa4 14. Qxa4 exd5 15. Nc3 d4 16. Nd5 $40 {Khalifman,A-Sveshnikov,E/
RUS-ch/1996/1:0/26/}) 9... a6 10. Nc3 Be7 11. d5 cxd5 12. exd5 O-O 13. d6 Bxd6
14. Bxb7 Ra7 15. Bg2 Bxe5 16. Be3 Qc7 17. axb5 $16 {Krasenkov,M-Sherbakov,R/
Katowice/1992/1:0/27/}) (6... Bb7 {Belov} 7. a4 a6 8. b3 cxb3 9. Nbd2 Nd7 10.
Nxb3 b4 11. Nfd2 Ngf6 12. Nc4 Rc8 13. Qc2 Be7 14. Rd1 O-O 15. a5 $44 {Malich,
B-Sehner,N/GER/1995/0:1/40/}) 7. a4 Bb7 8. Nc3 (8. b3 {Tsesarsky} cxb3 9. Qxb3
a6 10. Ne5 Ne7 11. Ba3 Nxe5 12. dxe5 Nd5 13. Bxf8 Kxf8 14. Nd2 $44 Qc7 15. Bxd5
exd5 16. Rfc1 Qxe5 17. axb5 cxb5 18. Qb4+ Kg8 19. Nf3 Qf6 20. Nd4 h5 (20... h6
21. Rc7 Rb8 22. Ra3 Qe5 $13 {[%cal Gg8h7]}) 21. Rc7 Rb8 22. Ra3 Qd8 23. Rac3
Rh6 24. Qc5 (24. Nf5 Re6 25. Ne7+ Kh7 26. Qh4 g6 27. Rf3 f6 28. Nxd5+ Kg8 (
28... Kh8 $2 29. Qf4 Qf8 30. Nxf6 $18) 29. Qxf6 Rxf6 30. Nxf6+ Kf8 31. Nh7+ $10
) 24... h4 (24... Rf6 25. Qa7 b4 (25... Ba8 26. Qxb8 $18) 26. Rc1 b3 27. Rxb7
b2 28. Rb1 Rxb7 29. Qxb7 Rb6 30. Qa7 $16) 25. Qa7 hxg3 26. hxg3 Kh7 27. Rxf7 (
27. Rxb7 Rxb7 28. Qxb7 Qa5 29. Rc1 Qd2 30. Nb3 Qxe2 31. Qxd5 $16) 27... Qa5 (
27... Rc8 28. Ne6 Rxe6 29. Qxb7 $18) 28. Rc1 Qd2 (28... Rc8 29. Rxg7+ Kh8 30.
Rb1 Qa2 (30... Rc7 31. Rxc7 (31. Nb3 d4 32. f3 Qc3 $19) 31... Qxc7 32. Nf5 $16
{[%cal Ga7d4]}) 31. Rf1 Ba8 32. Nf5 $18) 29. Nb3 $18 {time 1-0 M1002 Neverov -
Moroz/ 1996 (34)}) 8... a6 9. Ne5 Ngf6 $2 (9... Nxe5 10. dxe5 Qc7 11. axb5 {
Belov} (11. Ne4 {Tsesarsky} Rd8 (11... Qxe5 12. axb5 Rd8 13. Qc2 cxb5 14. Nf6+
(14. Bf4 Qf5) 14... Nxf6 15. Bxb7 Bb4 16. Bf4 Qc5 17. Rxa6 $44) 12. Qc2 f5 (
12... Qxe5 13. Bf4 Qf5 $15) 13. Ng5 Bc8 (13... Qxe5 14. axb5 axb5 15. Bf4 Qf6
16. Ra7 $13) 14. axb5 cxb5 $2 (14... axb5) 15. Rxa6 $5 Bxa6 16. Nxe6 Qc8 (16...
Qxe5 17. Bc6+ Ke7 18. Nxd8 Kxd8 19. Bf4 Qe6 20. Rd1+ Ke7 21. Bd6+ Qxd6 22. Rxd6
Kxd6 23. Bxb5 Bxb5 24. Qxf5 $16) 17. Nxd8 Kxd8 18. Rd1+ Ke8 19. e4 f4 20. gxf4
Bc5 21. f5 Ne7 22. Qe2 Rf8 23. Qh5+ g6 24. Qxh7 Rf7 25. Qh6 Bb7 26. e6 Rf8 27.
Bg5 Rg8 28. Qh7 {1-0 Borovikov,V-Santos,CP/EU-chJ Sas van Gent (03) ;EXP 32
1992}) 11... axb5 12. Rxa8+ Bxa8 13. Nxb5 cxb5 (13... Qxe5 14. Qa4 Bb7 15. Na7
$40) 14. Bxa8 Ne7 15. b3 c3 16. Qd3 Qb8 17. Bg2 $16) (9... Qc7 {Belov} 10. axb5
axb5 11. Rxa8+ Bxa8 12. Nxb5 $36) (9... Qc8 {Belov} 10. e4 Ngf6 11. Bf4 Be7 12.
d5 cxd5 13. exd5 exd5 14. axb5 O-O 15. bxa6 Bxa6 16. Nxd5 $36) 10. Bxc6 $1 $36
Bxc6 11. Nxc6 Qc8 12. axb5 axb5 (12... Bd6 {Tsesarsky} 13. d5 $18) (12... Nb6 {
Tsesarsky} 13. Ne5 Bd6 14. Bf4 $16) 13. Na7 $1 (13. Rxa8 {Belov} Qxa8 14. Ne5
Qb7 $13) 13... Qb7 (13... Qd8 {Tsesarsky} 14. Ncxb5 $18) 14. Ncxb5 Nb6 $6 (
14... Be7 15. Qa4 O-O (15... O-O {Belov} 16. Qxc4 $16) (15... Nb6 16. Nd6+ Kf8
17. Nxb7 Nxa4 18. Rxa4 $18)) 15. Bf4 Nfd5 16. Be5 f6 (16... Be7 {Belov} 17. e4
f6 18. exd5 fxe5 19. d6 Bd8 20. dxe5 $18) 17. e4 $1 fxe5 (17... Nb4 {Belov} 18.
Nc7+ Kf7 19. Nxa8 Nxa8 20. Bf4 Be7 21. Qh5+ g6 22. Qb5 $18) 18. exd5 exd5 (
18... exd4 {Belov} 19. Qh5+ g6 (19... Qf7 20. Nc7+ Ke7 21. d6+ $18) 20. Qe5 Bg7
21. Qxe6+ Kf8 22. Nc6 Re8 23. Qd6+ Kg8 24. Ra7 $18) 19. Qh5+ g6 (19... Qf7 {
Belov} 20. Nc7+ Ke7 21. Qxf7+ Kxf7 22. Nxa8 Nxa8 23. Nc6 $18) (19... Kd8 {Belov
} 20. Qxe5 Bb4 21. Qg5+ $18) 20. Qxe5+ Kf7 21. Qxh8 (21. Qxh8 {Belov} Bg7 22.
Nd6+ $18) 1-0

[Event "Dortmund SuperGM 36th"]
[Site "Dortmund"]
[Date "2008.06.29"]
[Round "2"]
[White "Kramnik, Vladimir"]
[Black "Van Wely, Loek"]
[Result "1-0"]
[WhiteElo "2788"]
[BlackElo "2677"]
[Annotator "Knaak,R"]
[PlyCount "57"]
[EventDate "2008.06.28"]
[EventType "tourn"]
[EventRounds "7"]
[EventCountry "GER"]
[EventCategory "18"]
[SourceTitle "CBM 125"]
[Source "ChessBase"]
[SourceDate "2008.07.30"]
[SourceVersion "1"]
[SourceVersionDate "2008.07.30"]
[SourceQuality "1"]

1. d4 d5 2. c4 c6 3. Nf3 Nf6 4. e3 e6 {The move is not without its problems,
because it neglects the development of th Bc8; 4...Bg4, 4...Bf5 and 4...a6 are
more popular.  Der Zug ist nicht unproblematisch, weil er die Entwicklung des
Bc8 vernachlässigt; 4...Bg4, 4...Bf5 und 4...a6 stehen höher im Kurs.} 5. b3
Nbd7 6. Bb2 b6 7. Bd3 Bb7 8. O-O Bd6 9. Nbd2 (9. Nc3 O-O 10. Qc2 Re8 11. Rad1
Qe7 12. e4 dxe4 13. Nxe4 Nxe4 14. Bxe4 Nf6 15. Bd3 Ba3 16. Ba1 h6 17. Rfe1 $14
{1-0 Kramnik,V (2766)-Van Wely,L (2683)/Monte Carlo 2007/CBM 117 ext (74)})
9... O-O 10. Ne5 {It woud be exaggerated to speak here of a clear advantage
for White, but the position is unpleasant for Black. Es wäre übertrieben,
wollte man hier von deutlichem weißen Vorteil sprechen, aber es spielt sich
für Schwarz unangenehm.} Qe7 11. Qf3 Rfd8 12. Qh3 h6 13. f4 Bb4 $2 {After this,
things become quite difficult for Black. Danach wird es ganz schwer für
Schwarz.} (13... c5 {was required, but White's prospects are somewhat better
even then. war erforderlich, aber die weißen Aussichten sind auch dann ein
wenig höher einzuschätzen.}) 14. Ndf3 Ne4 $2 {This allows a forcing sequence,
which leaves White close to a win.  Dies erlaubt eine forcierte Zugfolge, in
deren Folge Weiß nahezu auf Gewinn steht.} 15. Nxd7 Rxd7 16. Ne5 Rc7 17. Bxe4
$1 dxe4 18. c5 $1 {White exploits the position of the Bb4 to gain time for a
kingside attack by means of a pawn sacrifice. Weiß nutzt die Position des Bb4
aus, um unter Bauernopfer Zeit für einen Angriff am Königsflügel zu gewinnen.}
bxc5 19. a3 Ba5 20. dxc5 Qxc5 21. b4 Qb5 {Things were already so so, but now
the black king has no pieces to protect it.  Das ging noch geradeso, aber der
schwarze König steht nun ohne Figurenschutz da.} 22. Qg3 ({During the game I
saw (or Fritz did) Während der Partie sah ich (bzw. Fritz)} 22. Ng4 {But Aber}
h5 $1 {is better. ist besser:} (22... f5 23. Nxh6+ $1 gxh6 (23... Kf8 24. Be5
$18) 24. Qxh6 Bb6 25. Bf6 $1 {and White wins. und Weiß gewinnt.}) 23. Nf6+ (23.
Nh6+ Kh7 $1 $13) 23... gxf6 24. Bxf6 Qf5 {and White has to go into an ending
with opposite coloured bishops (and rooks). und Weiß muss in ein Endspiel mit
ungleichen Läufern (und Türmen) gehen.}) ({But the correct move is Aber der
richtige Zug ist} 22. f5 $1 f6 (22... Bb6 23. fxe6 f6 24. Nd7 $18) 23. Ng4 e5
24. Qg3 Kh8 25. Bxe5 fxe5 26. bxa5 $18) 22... Bb6 $6 {This misses a good
practical chance. Dies verpasst eine gute praktische Chance.} ({After Nach} 
22... f5 23. Rad1 Qe2 24. Bc3 Bb6 25. Rfe1 Qh5 26. Rd6 Re8 {Black is at the
edge of the abyss, but he can still hope. schwebt Schwarz am Abgrund, aber er
kann noch hoffen.}) 23. Nd7 $1 g6 24. Nf6+ Kf8 25. Be5 Rcc8 26. Qh4 $1 h5 ({
Or Oder} 26... Bxe3+ 27. Kh1 Rd8 28. Qxh6+ Ke7 29. Qh4 Kf8 30. Qh8+ Ke7 31.
Ng8+ $1 Rxg8 32. Qf6+ Ke8 33. Bd6 {and White wins. und Weiß gewinnt.}) 27. Nh7+
Ke8 28. Bd6 Rc7 29. Rfd1 1-0

[Event "Lippstadt 11th"]
[Site "Lippstadt"]
[Date "2003.08.17"]
[Round "11"]
[White "Cyborowski, Lukasz"]
[Black "Wehmeier, Stefan"]
[Result "1-0"]
[WhiteElo "2550"]
[BlackElo "2350"]
[Annotator "Konikowski,J"]
[PlyCount "95"]
[EventDate "2003.08.07"]
[EventType "tourn"]
[EventRounds "11"]
[EventCountry "GER"]
[EventCategory "9"]
[SourceTitle "CBM 097"]
[Source "ChessBase"]
[SourceDate "2003.11.11"]
[SourceVersion "1"]
[SourceVersionDate "2003.11.11"]
[SourceQuality "1"]

1. d4 d5 2. c4 c6 3. Nf3 Nf6 4. e3 e6 5. Bd3 Nbd7 6. O-O Bd6 7. Nbd2 O-O 8. e4
e5 9. exd5 cxd5 10. cxd5 exd4 11. Ne4 Nxe4 12. Bxe4 Nf6 (12... Nc5 13. Bc2 Bg4
14. Qxd4 Bxf3 15. gxf3 Re8 16. Be3 Re5 17. Qg4 Nd7 18. f4 Nf6 19. Qf3 Rxd5 20.
Bb3 Rf5 21. Qxb7 Bxf4 22. Bxf7+ Kh8 23. Rad1 Qf8 24. Be6 Rb8 25. Qxa7 Rg5+ 26.
Kh1 Ne4 27. Qf7 $18 {Karpov,A-Shirov,A/Monte Carlo 1995/}) 13. Bc2 (13. Qxd4
Nxe4 14. Qxe4 Re8 15. Qd3 (15. Qd4 Bf5 16. Bg5 Qd7 17. Rfe1 Bg4 18. Rxe8+ Rxe8
19. Re1 Rxe1+ 20. Nxe1 b6 21. h3 Be6 {1/2-1/2 Bronstein,L-Real de Azua,E/
Buenos Aires 2003/}) 15... Qf6 16. Bd2 (16. Bg5 Qxb2 17. Rfb1 Qe2 18. Qxe2 Rxe2
19. Be3 Rc2 20. a4 Rc7 21. Nd4 {1/2-1/2 Nikolic,P-Akopian,V/Biel 1993/}) 16...
Bf5 17. Qd4 Qxd4 18. Nxd4 Be4 19. Nb5 Be5 20. Nc3 {1/2-1/2 Graf,A-Akopian,V/
Luzern 1993/}) 13... Nxd5 14. Qxd4 Nb4 15. Bb3 Nc6 16. Qd5 Be6 17. Qb5 Bxb3 18.
Qxb3 Qc7 19. Be3 Ne5 20. Nxe5 Bxe5 21. Rac1 Bxh2+ $2 {[%mdl 8192]} (21... Qb8
$142) 22. Kh1 Qb8 23. f4 $18 Bg3 24. Bc5 Bh4 25. Bxf8 Qxf8 26. Qxb7 g6 27. Qf3
Re8 28. b3 Qh6 29. Qh3 Qh5 30. a4 h6 (30... Re3 31. Rf3 (31. Qxe3 $4 Bg3+ 32.
Kg1 Qh2#) 31... Rxf3 32. Qxf3 $18) 31. Rc8 Rxc8 32. Qxc8+ Kg7 33. Qh3 Qe2 34.
Qf3 Qc2 35. Rd1 Bf2 36. b4 h5 37. Qd3 Qb2 38. Qe4 Qb3 39. Qe5+ Kh7 40. Qd5 Qxb4
41. Qxf7+ Kh6 42. Qf6 Qb7 43. f5 Qg7 44. Qe6 Bc5 45. Rc1 Bf2 (45... Bd4 46. Rc6
$18) 46. f6 Qb7 47. f7 Qb4 (47... Kg7 48. f8=Q+ $1 $18) 48. Qf6 1-0

[Event "USA-ch"]
[Site "Modesto"]
[Date "1995.??.??"]
[Round "3"]
[White "Dzindzichashvili, Roman"]
[Black "Kaidanov, Gregory S"]
[Result "1-0"]
[WhiteElo "2545"]
[BlackElo "2585"]
[Annotator "Kortschnoj,V"]
[PlyCount "81"]
[EventDate "1995.11.??"]
[EventType "tourn"]
[EventRounds "13"]
[EventCountry "USA"]
[EventCategory "12"]
[SourceTitle "CBM 051"]
[Source "ChessBase"]
[SourceDate "1996.04.01"]
[SourceVersion "1"]
[SourceVersionDate "1996.04.01"]
[SourceQuality "1"]

1. Nf3 d5 2. c4 e6 3. d4 Nf6 4. Bg5 Bb4+ 5. Nbd2 dxc4 6. Qc2 b5 7. a4 c6 8.
Bxf6 gxf6 (8... Qxf6 $2 9. axb5 cxb5 10. Qe4 $18) 9. g3 Bb7 10. Bg2 Nd7 11. O-O
a6 12. b3 $1 $44 c3 13. Ne4 Rc8 14. Rfd1 Qb6 15. Nxc3 c5 16. d5 c4 (16... Bxc3
$2 17. dxe6 $16) 17. dxe6 fxe6 (17... Qxe6 18. Nd4 cxb3 19. Qb1 Qb6 20. Bxb7
Qxb7 21. Ne4 $44) 18. axb5 $6 (18. Ne4 $1 $36) 18... cxb3 19. Qd3 Nc5 20. Qd4
Bxc3 21. Qxc3 O-O (21... Ne4 $5) 22. bxa6 Nxa6 23. Qd4 Nc5 24. Qg4+ Kh8 25. Nh4
Bxg2 26. Kxg2 Qb7+ 27. Nf3 Ne4 $2 (27... b2 28. Rab1 Ne4 29. Rxb2 Qxb2 30. Qxe4
Qc2 $10) 28. Ra4 $1 f5 29. Qf4 Rb8 30. Rad4 $16 Nf6 31. Qe5 Qg7 32. Qxe6 b2 33.
Rb1 Rfe8 34. Qxf5 Rxe2 35. Rf4 Ng8 36. Ng5 $18 Nh6 37. Qd3 Rbe8 38. h4 R2e5 39.
Rxb2 Rxg5 40. hxg5 Qxb2 41. gxh6 1-0